000
00284cam a22001091 4500
050
0
0
_a
QD416
_b
.S58
100
1
_a
Simonsen, John Lionel,
_d
1884-
245
1
4
_a
The terpenes,
_c
by J. L. Simonsen.
260
_a
Cambridge [Eng.]
_b
The University Press,
_c
1931-32.
300
_a
2 v.
942
_c
GEN
999
_c
1975
_d
1975